| 000 | 00342nam a2200133Ia 4500 | ||
|---|---|---|---|
| 005 | 20251222144849.0 | ||
| 008 | 251222s9999||||xx |||||||||||||| ||spa|| | ||
| 020 | _a0-521-55907-3 | ||
| 082 | _a428.3/F83 | ||
| 100 | _aFreeman, Donald | ||
| 245 | 0 | _aTeacher Learning in Language Teaching | |
| 264 | _bCambridge University Press | ||
| 942 | _cLIB | ||
| 999 |
_c21547 _d21547 |
||